Investigación sobre conflictos económicos-sociales y convenciones colectivas en Costa Rica

Wedi'i Gadw mewn:
Manylion Llyfryddiaeth
Prif Awdur: Suarez Garcés, Gerardo Octavio
Fformat: Texto
Cyhoeddwyd: Heredia: UNA. IESTRA. OIT
Tagiau: Ychwanegu Tag
Dim Tagiau, Byddwch y cyntaf i dagio'r cofnod hwn!

MARC

LEADER 00000 a a2200000 04500
001 16806
003
040 |a CRAI/IIS  |c CRAI/IIS 
090 |a 004500  
100 |a Suarez Garcés, Gerardo Octavio  
245 |a Investigación sobre conflictos económicos-sociales y convenciones colectivas en Costa Rica  
260 |a Heredia:   |b UNA. IESTRA. OIT  
300 |a 34 p.  
999 |c 16034  |d 16034